| 000 | 00474nam a22001697a 4500 | ||
|---|---|---|---|
| 005 | 20250207190814.0 | ||
| 008 | 250207b |||||||| |||| 00| 0 eng d | ||
| 020 | _a9780072224382 | ||
| 082 |
_a005.8 _bSCA-H |
||
| 100 | _aScambary, Joel | ||
| 245 |
_aHack Attacks Denied: _bComplete Guide to Network LockDown / _cMike Sherma |
||
| 260 |
_aUSA: _bWiley; _c2002. |
||
| 300 |
_axiv, 388 p. : _bill; _c24 cm. |
||
| 500 | _ainclude index. | ||
| 650 | _aSecurity | ||
| 999 |
_c36841 _d36841 |
||